000 00375nam a2200169Ia 4500
003 0STCL
008 150530s9999 xx 000 0 und d
040 _aSTCL
_cSTCL
100 _aHickman, C.P.
245 _aIntegrated principles of zoology
250 _aFourth
260 _c1970
546 _aEnglish
942 _2ddc
_cBK
999 _c37331
_d37331
005 20220125170418.0